000 01137cam a22001935a 4500
001 L156098
008 120430s1853 xxk f 000 0 eng d
035 _a(Sirsi) u156098
041 0 _aeng
100 1 _aRoberts, Henry
_d1803-1876
245 0 4 _aThe dwellings of the labouring classes
_btheir arrangement and construction : illustrated by a reference to the model houses of the Society for improving the condition of the labouring classes, with other buildings recently erected : and an appendix, containing H.R.H. Prince Albert's exhibition model houses, Hyde Park, 1851, the model cottages &c. built by the Windsor Royal Society : with plans and elevations of dwellings adapted to towns, as well as to agricultural and manufacturing districts
250 _a3rd ed.
260 _aLondon
_bPublished by request and sold for the benefit of the Society for improving the condition of the labouring classes ... also by Seeleys
_c1853
300 _a65, [36] p.
_bill., plans
_c28 cm.
583 _aCondition reviewed
_c20120620
_lcondition level 4
651 4 _aGreat Britain
_y1707-
690 _aResidential property
_96266
942 _n0
999 _c114028
_d114028